The Legend of Zelda: Tears of the Kingdom - Monsters - Statistics

General Stats
  • This quiz has been taken 89 times
  • The average score is 52 of 110
Answer Stats
Number Monster % Correct
121 Bokoblin
95%
130 Moblin
84%
122 Blue Bokoblin
80%
123 Black Bokoblin
77%
132 Black Moblin
73%
131 Blue Moblin
71%
097 Keese
71%
125 Silver Bokoblin
71%
100 Electric Keese
70%
098 Fire Keese
70%
099 Ice Keese
70%
135 Lizalfos
70%
147 Lynel
68%
093 Chuchu
66%
134 Silver Moblin
66%
175 Hinox
64%
094 Fire Chuchu
63%
095 Ice Chuchu
63%
096 Electric Chuchu
61%
177 Black Hinox
59%
176 Blue Hinox
59%
142 Silver Lizalfos
59%
150 Silver Lynel
59%
137 Black Lizalfos
57%
136 Blue Lizalfos
57%
148 Blue-Maned Lynel
57%
198 Phantom Ganon
57%
169 Stone Talus
57%
160 Flux Construct I
55%
161 Flux Construct II
55%
162 Flux Construct III
55%
126 Boss Bokoblin
54%
191 Colgera
54%
119 Gibdo
54%
143 Horriblin
54%
112 Like Like
54%
196 Queen Gibdo
54%
124 Stalkoblin
54%
149 White-Maned Lynel
54%
185 Frox
52%
179 Molduga
52%
153 Soldier Construc III
52%
151 Soldier Construct I
52%
152 Soldier Construct II
52%
154 Soldier Construct IV
52%
133 Stalmoblin
52%
118 Aerocuda
50%
173 Igneo Talus
50%
178 Stalnox
50%
145 Black Horriblin
48%
113 Fire Like
48%
174 Frost Talus
48%
114 Ice Like
48%
183 King Gleeok
48%
146 Silver Horriblin
48%
144 Blue Horriblin
46%
180 Flame Gleeok
46%
202 Light Dragon
46%
138 Stalizalfos
46%
193 Marbled Gohma
45%
195 Mucktorok
45%
115 Shock Like
45%
164 Yiga Blademaster
45%
163 Yiga Footsoldier
45%
155 Captain Construct I
43%
156 Captain Construct II
43%
157 Captain Construct III
43%
158 Captain Construct IV
43%
201 Demon Dragon
43%
188 Dinraal
43%
141 Electric Lizalfos
43%
181 Frost Gleeok
43%
182 Thunder Gleeok
43%
199 Demon King Ganondorf
41%
200 Demon King Ganondorf II
41%
190 Farosh
41%
165 Master Kohga
41%
189 Naydra
41%
128 Black Boss Bokoblin
39%
186 Obsidian Frox
39%
129 Silver Boss Bokoblin
39%
127 Blue Boss Bokoblin
38%
139 Fire-Breath Lizalfos
36%
197 Seized Construct
36%
106 Fire Wizzrobe
34%
140 Ice-Breath Lizalfos
34%
107 Ice Wizzrobe
34%
167 Igneo Pebblit
34%
166 Stone Pebblit
34%
101 Water Octorok
34%
172 Battle Talus
32%
108 Electric Wizzrobe
32%
168 Frost Pebblit
32%
116 Rock Like
32%
117 Evermean
30%
105 Treasure Octorok
30%
187 Blue-White Frox
29%
170 Stone Talus (Luminous)
29%
171 Stone Talus (Rare)
29%
102 Forest Octorok
27%
103 Rock Octorok
27%
111 Thunder Wizzrobe
27%
110 Blizzrobe
25%
184 Little Frox
25%
109 Meteo Wizzrobe
25%
120 Moth Gibdo
25%
194 Sludge Like
25%
192 Moragia
23%
159 Training Construct
21%
104 Snow Octorok
18%
No matching quizzes found
Score Distribution
Percent of People with Each Score
Percentile by Number Answered
Your Score History
You have not taken this quiz